Story of atomic energy (Record no. 19446)

MARC details
000 -LEADER
fixed length control field 00302nam a2200121Ia 4500
082 ## - DEWEY DECIMAL CLASSIFICATION NUMBER
Classification number 621.039
Item number SOD
100 ## - MAIN ENTRY--AUTHOR NAME
Personal name Soddy, Frederick
245 #0 - TITLE STATEMENT
Title Story of atomic energy
260 ## - PUBLICATION, DISTRIBUTION, ETC. (IMPRINT)
Place of publication London
Name of publisher Nova Atlantis
Year of publication 1949
650 ## - SUBJECT ADDED ENTRY--TOPICAL TERM
Topical Term Atomic energy
942 ## - ADDED ENTRY ELEMENTS (KOHA)
Koha item type Books
Holdings
Withdrawn status Lost status Damaged status Not for loan Home library Current library Date acquired Cost, normal purchase price Full call number Accession Number Koha item type
        RRII Library RRII Library 16/12/2021 24.00 621.039 SOD 00181 Books